02082nam a2200169 4500999001900000008004100019100002300060245007800083260000900161300001500170520149900185650004601684773004501730906001701775942001201792952010801804 c507403d507403190212b ||||| |||| 00| 0 eng d aLee, Shinwoo91565 aEmployee turnover and organizational performance in U.S. federal agencies c2018 ap.522-534. aContrary to received wisdom, could turnover actually be good for an organization? Traditional research on turnover in the public management field treats turnover as a dependent variable, emphasizing its negative role on organizational performance without sufficient theoretical or empirical support. With an emphasis on the type of employee turnover as a situational factor, this research establishes the hypothesized relationships between different employee turnovers—employee transfers, quits, and involuntary turnover—and organizational performance, and tests them using panel data from 2010 to 2014 in agencies of the U.S. federal government. Empirical results challenge the accepted belief about the harmful effects of turnover on organizational performance: Turnover can be beneficial for an organization. The results confirm the relationship differs across the type of turnover involved: Employee transfers have an inverted U-shaped relationship with organizational performance, and involuntary turnovers have a linear and positive relationship with organizational performance. Given the use of a perceptual measure of organizational performance by remaining employees, these results imply that a low-to-moderate level of employee transfers is likely to increase organizational performance and that involuntary turnovers—an elimination of employees who presented poor performance or were involved in misconducts—contribute to improving organizational performance. - Reproduced.  aPersonnel, Public - turnover - U.S.91566 aAmerican Review of Public Administration aOrganisation 2ddccAR 00102ddc40709381433aIIPAbIIPAd2019-02-12h48(6), Aug, 2018: p.522-534.pAR118867r2019-02-12yAR